000
00313nam a22001217a 4500
008
160430b xxu||||| |||| 00| 0 eng d
020
_a
9780538496735
020
_a
0538496738
041
_a
eng
080
_a
612.39
245
_a
Nutrition concepts controversies:
_c
Mary Ellen Clark;Sizer Vhitney;
942
_2
udc
_c
BK
999
_c
1710
_d
1710